[Event "Mittelfranken-chTB2a 1718"]
[Site "Mittelfranken"]
[Date "2018.02.18"]
[Round "5.8"]
[White "Auth, Bernhard"]
[Black "Klucnikov, Alexander"]
[Result "1-0"]
[WhiteElo "1706"]
[BlackElo "1374"]
[PlyCount "69"]
[EventDate "2017.10.08"]
[EventType "team-tourn"]
[EventRounds "9"]
[EventCountry "GER"]
[SourceTitle "EXT 2022"]
[Source "ChessBase"]
[SourceDate "2021.10.06"]
[SourceVersion "1"]
[SourceVersionDate "2021.10.06"]
[SourceQuality "1"]
[WhiteTeam "Bad Windsheim/Ansbach"]
[BlackTeam "Treuchtlingen/Wet SG"]
[WhiteTeamCountry "GER"]
[BlackTeamCountry "GER"]

1. b3 e5 2. Bb2 Nc6 3. e3 a6 4. f4 d6 5. Nf3 Nf6 6. fxe5 dxe5 7. Nxe5 Nxe5 8. Bxe5 Be7 9. Be2 0-0 10. 0-0 Re8 11. Nc3 Be6 12. Qe1 Nd7 13. Bf4 c6 14. Qg3 Bh4 15. Qf3 Nf8 16. Bd3 Ng6 17. Bxg6 fxg6 18. Qe2 Bf6 19. Rad1 b5 20. Ne4 Qa5 21. d4 Qxa2 22. Ra1 Qb2 23. Rfb1 Qxb1+ 24. Rxb1 Bf5 25. Nxf6+ gxf6 26. Rc1 Re4 27. Qf3 a5 28. g4 a4 29. gxf5 gxf5 30. bxa4 bxa4 31. Kf2 a3 32. Qg3+ Kf7 33. Ra1 Ree8 34. Ra2 Rec8 35. Bd6 1-0